00948cam a2200253 a 4500999001300000001000500013003000900018005001700027008004100044040003300085082002400118100001700142245011700159250001200276260003800288300004400326504004100370650004200411650003800453700002100491710004800512942001200560952012200572 c700d7001191BD-DhUAP20200126164654.0200126s1993 bg a b 000 0 eng  aDLCcBD-DhUAPdBD-DhUAPbEng 223a305.4095492 DUZ1 aDuza, Asfia.10aEmerging new accents :ba perspective of gender and development in Bangladesh /cAsfia Duza and Hamida A. Begum. a1st ed. aDhaka :bWomen for Women,cc1993. aix, 92 pages :billustrations ;c22 cm. aIncludes bibliographical references. 0aWomenxGovernment policyzBangladesh. 0aWomen in developmentzBangladesh.1 aBegum, Hamida A.2 aWomen for Women (Organization : Bangladesh) 2ddccBK 00102ddc4070aUAPCLbUAPCLcGeneral Stacksd2020-01-26o305.4095492 DUZp3010001191r2020-01-26t1w2020-01-26yBK